01169nmc a2200361 a 4500003000900000005001700009008004100026020001800067040001300085100002200098245003900120260003500159300002600194490004100220500008800261500007300349504003100422650001700453650001200470650001300482650001600495650001300511650001800524650003100542650002400573653002500597700003500622700002800657700002600685700002600711700003400737700003600771AR-BaBNM20251128204915.0011101s1988 ||||||||||||||000 | spa|| a84-7112-319-3 cAR-BaBNM1 aBruner, Jerome S.10aDesarrollo cognitivo y educación aMadridbEdiciones Moratac19880 a278 p.bgráfs., il. 0aPsicología. Psicología educativa1 aLa tercera parte de la obra, p. 209-270, es una autobiografía de Jerome S. Bruner0 aIntroducción de Jesús Palacios sobre la obra de Jerome S. Bruner aBibliografía: p. 271-278 4aINTELIGENCIA 4aCULTURA 4aINFANCIA 4aAPRENDIZAJE 4aLENGUAJE 4aPSICOANALISIS 4aPSICOLOGIA DE LA EDUCACION 4aPSICOLOGIA DEL NINO 0aPSICOLOGIA COGNITIVA1 aIgoa, José Manueletraductor1 aArenales, R.etraductor1 aSolana, G.etraductor1 aColina, F.etraductor1 aPalacios, Jesúserevisión1 aIgoa, José Manuelerevisión